000
00266nam a2200097Ia 4500
082
_a
582.130968 BOT
245
0
_a
VELD AND FLORA VOL 02
100
_a
BOTANICAL SOCIETY OF SOUTH AFRICA 1975
_9
63154
942
_c
BK
008
210817s9999 xx 000 0 und d
999
_c
199858
_d
199857